Henry Newman : an American in London, 1708-43.

Bibliographic Details
Main Author: Cowie, Leonard W.
Format: Book
Language:English
Published: London : Published for the Church Historical Society [by] S. P. C. K., 1956.
Subjects:

MARC

Tag First Indicator Second Indicator Subfields
LEADER 00000cam a2200000 4500
001 in00000039420
005 20151007081720.0
008 750829s1956 00000 eng d
010 |a  57001649  
035 |a (OCoLC)01582082 
035 |9 AAF6813AM 
040 |a MH-  |c DZM  |d TXA  |d UtOrBLW 
049 |a TXAM  |c [276476] 
050 1 0 |a BX5013.S6  |b  C67 
082 0 |a 266.3 
092 |a 266.3  |b C874h 
100 1 |a Cowie, Leonard W. 
245 1 0 |a Henry Newman :  |b an American in London, 1708-43. 
264 1 |a London :  |b Published for the Church Historical Society [by] S. P. C. K.,  |c 1956. 
300 |a 272 pages :  |b illustrations ;  |c 23 cm. 
336 |a text  |b txt  |2 rdacontent 
337 |a unmediated  |b n  |2 rdamedia 
338 |a volume  |b nc  |2 rdacarrier 
504 |a Inculdes bibliography. 
600 1 0 |a Newman, Henry,  |d 1670-1743. 
610 2 0 |a Society for Promoting Christian Knowledge (Great Britain) 
999 |a MARS 
999 f f |s 8389a93b-38c7-3213-9681-e86d163a4ffa  |i 792eaa77-0e6a-344f-96a1-4ad7b824aba0  |t 0 
952 f f |p ric  |a Texas A&M University  |b Rellis Campus  |c Joint Library Facility  |d Remote Storage  |t 0  |e BX5013.S6 C67  |h Library of Congress classification  |i unmediated -- volume  |m A14800616947 
998 f f |a BX5013.S6 C67  |t 0  |l Remote Storage